Catalog

Record Details

Catalog Search



Available copies

  • 1 of 1 copy available at LARL/NWRL Consortium.
  • 1 of 1 copy available at Lake Agassiz Regional Library. (Show preferred library)

Current holds

0 current holds with 1 total copy.

Show Only Available Copies
Location Call Number / Copy Notes Barcode Shelving Location Status Due Date
Crookston Public Library 921 PFE (Text) 33500012529632 Main Available -

Record details

  • ISBN: 9780998995403
  • ISBN: 0998995401
  • Physical Description: viii, 315 pages ; 22 cm.
  • Publisher: Self Published 2017.

Content descriptions

Summary, etc.:
An astonishing memoir chronicling one man’s nearly ... Read More
Subject: Gay men > United States > Biography.
AIDS (Disease) > Patients > United States > Biography.
HIV-positive men > United States > Biography.
AIDS (Disease) > United States > Biography.
LDR 02328nam a2200289Ki 4500
001258831
003LARL_NWRL_CONSORTIUM
00520170714191325.0
008170714s2017 xxu 001 0aeng d
040 . ‡aLAL ‡beng ‡erda ‡cLAL
020 . ‡a9780998995403
020 . ‡a0998995401
035 . ‡a(OCoLC)993701867
1001 . ‡aPfeifer, Thomas ‡0(LARL_NWRL_CONSORTIUM)226070
24510. ‡aInside shadows : ‡ba memoir / ‡cby Thomas Pfeifer.
264 1. ‡bSelf Published ‡c2017.
300 . ‡aviii, 315 pages ; ‡c22 cm.
336 . ‡atext ‡btxt ‡2rdacontent
337 . ‡aunmediated ‡bn ‡2rdamedia
338 . ‡avolume ‡bnc ‡2rdacarrier
520 . ‡aAn astonishing memoir chronicling one man’s nearly thirty-year battle with HIV, Inside Shadows offers a ray of hope to those living with the virus. For Thomas Pfeifer, the summer of 1985 was supposed to be the best time of his life. Recently out of the closet and getting closer to accepting his true self, Thomas revels in his newfound freedom and growing circle of friends. But then community members start disappearing. First one, then whole handfuls of bar patrons. Panic sets in as rumors circulate. A virus on the coasts is making its way to Minneapolis...and everyone knows it’s deadly. Just three years into his journey as an out gay man, Thomas’s life turns upside down when he, too, discovers he has HIV. Suddenly his life choices are under the microscope. Can he adapt to the pressure and make the positive changes needed to survive? Or will he follow the path taken by so many of his friends, and live a life of ignorance, only taking action when it’s too late? Inside Shadows documents Thomas’s incredible transformation as he moves from fear toward acceptance. At a time when hype and hatred dominate the American media, Thomas quietly takes a stand by joining forces with other supportive community members. Over the years he discovers that by following his inner wisdom, and listening to the advice of trusted individuals, he can turn the tide on the world’s deadliest virus.
650 0. ‡aGay men ‡zUnited States ‡vBiography. ‡0(LARL_NWRL_CONSORTIUM)165421
650 0. ‡aAIDS (Disease) ‡xPatients ‡zUnited States ‡vBiography. ‡0(LARL_NWRL_CONSORTIUM)163358
650 0. ‡aHIV-positive men ‡zUnited States ‡vBiography.
650 0. ‡aAIDS (Disease) ‡zUnited States ‡vBiography.
901 . ‡a258831 ‡bOCoLC ‡c258831 ‡tbiblio ‡soclc

Additional Resources